000
00195nam a2200085Ia 4500
008
170617s9999 xx 000 0 und d
100
_a
METHA & METHA
245
0
_a
ORGANIC CHEMISTRY
260
_b
NEW DELHI :PHI
260
_c
2009
999
_c
15665
_d
15665